| 000 | 01096nam0a22002411 4500 | ||
|---|---|---|---|
| 001 | rc\695624 | ||
| 005 | 20260406231357.0 | ||
| 035 | _a(NLR Aleph) 005932062 | ||
| 090 |
_a6588896 _c6588896 |
||
| 100 | _a20031121d1985 |||y0rusy50 ca | ||
| 101 | 0 | _arus | |
| 102 | _aRU | ||
| 105 | _aa ||||||||| | ||
| 200 | 1 |
_aФ. Лемкуль _eКн. графика _eКат. выст. произведений _f[Сост. каталога В.А. Невельсон, С.В. Терзибашьян _gОтв. ред. Е.Я. Левашова _gАвт. вступ. ст. В.Д. Дажина, с. 5-23] |
|
| 210 |
_aМ. _cСов. художник _d1985 |
||
| 215 |
_a50, [5] с. _cил., цв. ил. _d26 |
||
| 300 | _aВ надзаг.: Союз художников СССР, Союз художников РСФСР, Моск. орг. | ||
| 710 | 1 | 0 |
_aЛемкуль, _gФедор Викторович _hВыставка произведений _f1985 _eМосква _3RU\NLR\AUTH\889983870 _9463524 |
| 801 | 0 |
_aRU _bNLR _gpsbo |
|
| 801 | 1 |
_aRU _bELAR _2rusmarc |
|
| 852 |
_aNLR _bЭ _jКП/Л444 |
||
| 942 | _cBOOK | ||
| 980 | _aNB | ||